LAND use intensification effects on agriculture, biodiversity and ecological processes

Guardat en:
Dades bibliogràfiques
Autor principal: edited by LINDENMAYER, David
Format: Llibre
Idioma:anglès
Publicat: CSIRO Publishing 2012
Etiquetes: Afegir etiqueta
Sense etiquetes, Sigues el primer a etiquetar aquest registre!

MARC

LEADER 00000nam a22000007a 4500
008 201208b ||||| |||| 00| 0 eng d
020 |a 978-1-665-1714-1 
100 |a edited by LINDENMAYER, David. 
245 |a LAND use intensification  |b effects on agriculture, biodiversity and ecological processes  |c edited by David Lindenmayer, Saul Cunningham and Andrew Young  |g vii, 156p; ill. 
250 |c edited by LINDENMAYER David, CUNNINGHAM Saul and YOUNG Andrew 
260 |b CSIRO Publishing  |c 2012  |h Collingwood, Australia  |i 689876  |l HD108.3 .L23  |m Land use – Environmental aspects  |m Agricultural landscape managements  |m Conservation of natural resources – Economic aspects  |m Ecosystem management – Economic aspects 
942 |a lcc  |c BK  |e YUNUSA, A.A.  |f 8/12/2020 
952 |0 0  |1 0  |2 lcc  |4 0  |6 HD01083 L23  |7 0  |9 246  |a HOL  |b HOL  |c GJ  |d 2020-12-08  |l 0  |o HD108.3 .L23  |p 2020-0188  |r 2020-12-08 00:00:00  |w 2020-12-08  |y BK 
999 |c 96  |d 96